| 000 | 00637nam a2200229Ia 4500 | ||
|---|---|---|---|
| 003 | BUBTL | ||
| 008 | 151213s9999 xx 000 0 und d | ||
| 020 | _a1-55738-504-1 | ||
| 082 |
_a332.66 _bMAF |
||
| 100 | _aJohn F.Marshall, M.E.Ellis | ||
| 245 |
_aInvestment Banking & Brokerage _cJohn F.Marshall, M.E.Ellis |
||
| 250 | _a1st | ||
| 260 |
_aUSA _bMcGrawHill |
||
| 300 |
_a357p . : _bChart . Table ; 22cm . _cFinance . |
||
| 500 | _aIncludes Index . | ||
| 650 | _aFinance | ||
| 650 | _aFinance | ||
| 700 | _aJohn F.Marshall, M.E.Ellis | ||
| 856 |
_k0 _l0 _yDownload |
||
| 942 |
_2ddc _cBK |
||
| 999 |
_c4829 _d4829 |
||